UK Cities Quiz: multiple choice - Statistics

General Stats
  • This quiz has been taken 118 times
  • The average score is 7 of 10
Answer Stats
Question Answer % Correct
What UK city is known as the Steel City? Sheffield
100%
Which of these people was/is not a Mancunian? Antony Hopkins
86%
What City is the home of the National Exhibition Centre? Birmingham
86%
Which city's largest train station is known as Temple Meads? Bristol
86%
What is the only city in Cornwall? Truro
71%
St Davids is the smallest city. What was its population in the 2011 census? 1841
57%
What city was the film Trainspotting set in? Edinburgh
57%
In which city is Sauchiehall Street? Glasgow
57%
In what city might the Blades play the Owls at football? Sheffield
57%
Where might you visit the circus and the royal crescent? Bath
43%
No matching quizzes found
Score Distribution
Percent of People with Each Score
Percentile by Number Answered
Your Score History
You have not taken this quiz